Speed (Record no. 15638)

MARC details
000 -LEADER
fixed length control field 02381ngm a2200445 4500
003 - CONTROL NUMBER IDENTIFIER
control field dpl
005 - DATE AND TIME OF LATEST TRANSACTION
control field 20080723110517.0
007 - PHYSICAL DESCRIPTION FIXED FIELD--GENERAL INFORMATION
fixed length control field DVD
008 - FIXED-LENGTH DATA ELEMENTS--GENERAL INFORMATION
fixed length control field ||||||sp199 xxu|||||c|||| 00| 0 eng d
010 ## - LIBRARY OF CONGRESS CONTROL NUMBER
LC control number DVD-000504-506 DVD-001614-1616
024 ## - OTHER STANDARD IDENTIFIER
Standard number or code 08638
Terms of availability 499.00
035 ## - SYSTEM CONTROL NUMBER
System control number DVD-000504-506
040 ## - CATALOGING SOURCE
Original cataloging agency DPL
Transcribing agency DPL
082 ## - DEWEY DECIMAL CLASSIFICATION NUMBER
Classification number DVD / SPEE
245 ## - TITLE STATEMENT
Title Speed
Statement of responsibility, etc 20th Century Fox Presents
Medium [videorecording] DVD/
260 ## - PUBLICATION, DISTRIBUTION, ETC. (IMPRINT)
Name of publisher, distributor, etc 20th Century Fox Homeentertainment
300 ## - PHYSICAL DESCRIPTION
Extent 1 videodisc DVD; (116 min.) :
Other physical details sd., col. ;
Dimensions 4 3/4 in.
Type of unit DVD
440 ## - SERIES STATEMENT/ADDED ENTRY--TITLE
Title 20th Centyry Fox Home Entertainment
500 ## - GENERAL NOTE
General note Sole Distributor in India M/s. Excel Productions Autio Visuals Pvt. Ltd.
500 ## - GENERAL NOTE
General note Hang on fora Wild and Crazy Ride
500 ## - GENERAL NOTE
General note This DVD is Copy Protected
538 ## - SYSTEM DETAILS NOTE
System details note Dolby Digital 5.1-English Subtitles: English, Korean, Mandarin, Thai
538 ## - SYSTEM DETAILS NOTE
System details note Aspect Ratio: 1.85:1, Presentation type: Wide Screne, Presentation Size 16x9, Format DVD 9 Dual Layer Single Sided Disc.
650 ## - SUBJECT ADDED ENTRY--TOPICAL TERM
Topical term or geographic name as entry element Mothin Picture
700 ## - ADDED ENTRY--PERSONAL NAME
Personal name Gorden, Mark
700 ## - ADDED ENTRY--PERSONAL NAME
Personal name Keanureeves
700 ## - ADDED ENTRY--PERSONAL NAME
Personal name Dennishopper
700 ## - ADDED ENTRY--PERSONAL NAME
Personal name Ballock, Sandra
700 ## - ADDED ENTRY--PERSONAL NAME
Personal name Morton, Joe
700 ## - ADDED ENTRY--PERSONAL NAME
Personal name Daniels, Jeff
700 ## - ADDED ENTRY--PERSONAL NAME
Personal name Mancina, Mark
942 ## - ADDED ENTRY ELEMENTS (KOHA)
Koha item type CD-ROMs, DVDs, VHS
Source of classification or shelving scheme Dewey Decimal Classification
Classification part DVD
Call number suffix SPEE
Holdings
Withdrawn status Lost status Source of classification or shelving scheme Damaged status Not for loan Home library Current library Date acquired Source of acquisition Cost, normal purchase price Total Checkouts Total Renewals Full call number Barcode Date last seen Date checked out Copy number Cost, replacement price Price effective from Koha item type
    Dewey Decimal Classification     Central Library Central Library 24/09/2008 Purchase 499.00 36 2 DVD SPEE DVD-000504 24/06/2013 11/06/2013 1 499.00 24/09/2008 CD-ROMs, DVDs, VHS
    Dewey Decimal Classification     Central Library Central Library 02/02/2009 Purchase 499.00 34 1 DVD SPEE DVD-001614 11/07/2017 30/06/2017 1 499.00 02/02/2009 CD-ROMs, DVDs, VHS
    Dewey Decimal Classification     Patel Nagar Patel Nagar 24/09/2008 Purchase 499.00 18   DVD SPEE DVD-000506 25/06/2016 11/06/2016 1 499.00 24/09/2008 CD-ROMs, DVDs, VHS
    Dewey Decimal Classification     Patel Nagar Patel Nagar 02/02/2009 Purchase 499.00 16   DVD SPEE DVD-001616 13/08/2013 10/08/2013 1 499.00 02/02/2009 CD-ROMs, DVDs, VHS
    Dewey Decimal Classification     Sarojini Nagar Sarojini Nagar 24/09/2008 Purchase 499.00 31   DVD SPEE DVD-000505 25/07/2016 09/07/2016 1 499.00 24/09/2008 CD-ROMs, DVDs, VHS
    Dewey Decimal Classification     Sarojini Nagar Sarojini Nagar 02/02/2009 Purchase 499.00 25 2 DVD SPEE DVD-001615 09/07/2016 25/06/2016 1 499.00 02/02/2009 CD-ROMs, DVDs, VHS

© Delhi Public Library
Hit Counter
free hit counter